00569nam a2200181Ia 4500003000400000008004100004040001600045082001800061100003000079245008500109260006100194300001100255490000500266650002800271650003000299650001100329650004700340GCL140319s9999 xx 000 0 ara d aGCL / cGCL04a813.03bج ك1 aجمال الغيطانى10aكتاب التجليات : السفرالثالث / cجمال الغيطانى a[S.N] : bدار المستقبل العربى ، c1986 a219 ص a04aالادب العربى04aالقصص العربية04aمصر04aالقصص العربية المترجمة